Documento de la herencia del Doctor Manuel de la Borda (Record no. 4677)

MARC details
000 -CABECERA
campo de control de longitud fija 01751nam a2200361 a 4500
001 - NÚMERO DE CONTROL
campo de control BRCA_4983
005 - FECHA Y HORA DE LA ÚLTIMA TRANSACCIÓN
campo de control 20190320204904.0
008 - DATOS DE LONGITUD FIJA--INFORMACIÓN GENERAL
campo de control de longitud fija 281010m17921793mx-######v---#000-0#spa-#
041 ## - CÓDIGO DE LENGUA
Código de lengua del texto/banda sonora o título independiente spa
044 ## - CÓDIGO DEL PAÍS DE LA ENTIDAD EDITORA/PRODUCTORA
Código MARC del país mx
084 ## - OTRO NÚMERO DE CLASIFICACIÓN
Número de clasificación DOC80
Número de documento/Ítem .B67
-- 1792
100 1# - ENTRADA PRINCIPAL--NOMBRE DE PERSONA
Nombre de persona Borda, Manuel de la
9 (RLIN) 12686
245 10 - MENCIÓN DE TÍTULO
Título Documento de la herencia del Doctor Manuel de la Borda
Mención de responsabilidad, etc. Manuel de la Borda ... [et al.].
260 ## - PUBLICACIÓN, DISTRIBUCIÓN, ETC.
Lugar de publicación, distribución, etc. México
Fecha de publicación, distribución, etc. 1792-1793
300 ## - DESCRIPCIÓN FÍSICA
Extensión [11] fojas
Dimensiones 31 x 21 cm
500 ## - NOTA GENERAL
Nota general Documento expedido en 1792
500 ## - NOTA GENERAL
Nota general Constancia de que el Licenciado Don Juan José de Barberi, abogado de la Real Audencia, apoderado general de Doña María Martiana Velázquez, albacea y tenedora de bienes del Dr. Manuel de la Borda, certifica que dicho Doctor, nombro heredos a Don Manuel de la Borda y Don José Manuel, sus hermanos. Firma el religioso Pedro Rodríguez Calvo
500 ## - NOTA GENERAL
Nota general El documento tiene la leyenda DOC. #240
500 ## - NOTA GENERAL
Nota general Al margen tiene sello con escudo español y leyenda: SELLO SEGUNDO SEIS REALES AÑOS DE MIL SETESCIENTOS NOVENTA Y DOS Y NOVENTA Y TRES
500 ## - NOTA GENERAL
Nota general Papel con marca de agua
500 ## - NOTA GENERAL
Nota general Estado de conservación: Contiene en los márgenes roturas
506 0# - NOTA DE RESTRICCIONES AL ACCESO
Limitaciones de acceso Fondo reservado: para su consulta es necesario credencial de usuario y carta de motivos
546 ## - NOTA DE LENGUA/LENGUAJE
Nota de lengua/lenguaje Texto en: español a finales del siglo XVIII
600 14 - PUNTO DE ACCESO ADICIONAL DE MATERIA--NOMBRE DE PERSONA
Nombre de persona Borda, Manuel de la
9 (RLIN) 12686
651 #4 - PUNTO DE ACCESO ADICIONAL DE MATERIA--NOMBRE GEOGRÁFICO
Nombre geográfico México
Subdivisión de forma Manuscrito
Subdivisión general Historia
Subdivisión cronológica Colonia, 1521-1821
9 (RLIN) 12687
700 1# - PUNTO DE ACCESO ADICIONAL--NOMBRE DE PERSONA
Nombre de persona Barberi, Juan José
9 (RLIN) 12688
700 1# - PUNTO DE ACCESO ADICIONAL--NOMBRE DE PERSONA
Nombre de persona Velázquez, María Matiana
9 (RLIN) 12689
700 1# - PUNTO DE ACCESO ADICIONAL--NOMBRE DE PERSONA
Nombre de persona Borda, Manuel José de la
9 (RLIN) 12690
700 1# - PUNTO DE ACCESO ADICIONAL--NOMBRE DE PERSONA
Nombre de persona Borda, José Manuel de la
9 (RLIN) 12691
700 1# - PUNTO DE ACCESO ADICIONAL--NOMBRE DE PERSONA
Nombre de persona Rodríguez Calvo, Pedro
Títulos y otros términos asociados al nombre Religioso
9 (RLIN) 12692
902 ## - CATALOGADOR
Iniciales FDH
942 ## - ELEMENTOS DE PUNTO DE ACCESO ADICIONAL (KOHA)
Fuente del sistema de clasificación o colocación Library of Congress Classification
Tipo de ítem Koha Documentos
Holdings
Estado de retiro Estado de pérdida Estado dañado No para préstamo Localización permanente Ubicación/localización actual Fecha de adquisición Total de préstamos Signatura topográfica completa Código de barras Fecha visto por última vez Precio válido a partir de Tipo de ítem Koha
El ejemplar forma parte de la colección y puede ser consultado según las políticas vigentes.       Biblioteca del Museo Franz Mayer (Rogerio Casas-Alatriste) Biblioteca del Museo Franz Mayer (Rogerio Casas-Alatriste) 28/10/2010   DOC80 .B67 1792 5067 22/03/2019 22/03/2019 Documentos